Statistiche per Paesi più piccoli

Clicka qui per fare il quiz!

Statistiche generali

  • Questo quiz è stato fatto 2.199 volte
  • Il punteggio medio è 15 su 24

Statistiche sulle risposte

Paese% Corretto
Città del Vaticano
98%
San Marino
96%
Andorra
89%
Monaco
87%
Liechtenstein
86%
Malta
70%
Saint Lucia
62%
Saint Kitts e Nevis
61%
Nauru
61%
Singapore
60%
Palau
60%
Tuvalu
60%
Tonga
58%
Isole Marshall
57%
Saint Vincent e
Grenadine
57%
Maldive
57%
Seychelles
55%
Kiribati
55%
Stati Federati di
Micronesia
55%
Grenada
54%
Antigua e Barbuda
54%
Sao Tome e Principe
53%
Barbados
52%
Dominica
46%

Distribuzione punteggi

Percentile per numero di risposta

Percentuale di utenti per punteggio

I tuoi punteggi nel tempo

Non hai fatto questo quiz